书目信息 |
| 题名: |
C语言程序设计
|
|
| 作者: | 楼永坚 , 吴鹏 , 徐恩友 编著 | |
| 分册: | ||
| 出版信息: | 北京 人民邮电出版社 2006.10 |
|
| 页数: | 287页 | |
| 开本: | 24cm | |
| 丛书名: | 高等院校计算机教材系列 | |
| 单 册: | ||
| 中图分类: | TP312C | |
| 科图分类: | ||
| 主题词: | C语言--C yu yan--程序设计--高等学校--教材 | |
| 电子资源: | ||
| ISBN: | 7-115-15096-6 | |
| 000 | 01064nam 2200277 450 | |
| 001 | 012007026289 | |
| 005 | 20071110101802.14 | |
| 010 | @a7-115-15096-6@dCNY28.00 | |
| 100 | @a20071110d2006 km y0chiy0120 ea | |
| 101 | 0 | @achi |
| 102 | @aCN@b110000 | |
| 105 | @aa z 000yy | |
| 106 | @ar | |
| 200 | 1 | @aC语言程序设计@AC yu yan cheng xu she ji@f楼永坚, 吴鹏, 徐恩友编著@Flou yong jian,wu peng,xu en you bian zhu |
| 210 | @a北京@c人民邮电出版社@d2006.10 | |
| 215 | @a287页@c图@d24cm | |
| 225 | 2 | @a高等院校计算机教材系列@Agao deng yuan xiao ji suan ji jiao cai xi lie |
| 330 | @a本书是作者在讲授“计算机导论”和“高级语言程序设计”课程的基础上,根据多年的教学经验对授课内容做了深入细致的研究后整理编著而成的,反映了计算机教学系列改革的要求。 | |
| 410 | 0 | @12001 @a高等院校计算机教材系列 |
| 606 | 0 | @aC语言@AC yu yan@x程序设计@x高等学校@j教材 |
| 690 | @aTP312C@v4 | |
| 701 | 0 | @a楼永坚@Alou yong jian@4编著 |
| 701 | 0 | @a吴鹏@Awu peng@4编著 |
| 701 | 0 | @a徐恩友@Axu en you@4编著 |
| 801 | 0 | @aCN@bQSSK@c20071110 |
| 905 | @b267786-88@dTP312C@eL777@f3 | |
| C语言程序设计/楼永坚, 吴鹏, 徐恩友编著.-北京:人民邮电出版社,2006.10 |
| 287页:图;24cm.-(高等院校计算机教材系列) |
| ISBN 7-115-15096-6:CNY28.00 |
| 本书是作者在讲授“计算机导论”和“高级语言程序设计”课程的基础上,根据多年的教学经验对授课内容做了深入细致的研究后整理编著而成的,反映了计算机教学系列改革的要求。 |
| ● |
| 相关链接 |
|
|
|
正题名:C语言程序设计
索取号:TP312C/L777
 
预约/预借
| 序号 | 登录号 | 条形码 | 馆藏地/架位号 | 状态 | 备注 |
| 1 | 267786 | 202677861 | 自科库301/301自科库 54排4列2层/ [索取号:TP312C/L777] | 在馆 | |
| 2 | 267787 | 202677870 | 自科库301/301自科库 54排4列2层/ [索取号:TP312C/L777] | 在馆 | |
| 3 | 267788 | 202677889 | 自科二线504/504自科库 16排2列2层/ [索取号:TP312C/L777] | 在馆 |